Main currents in sociological thought. 2V-Durkheim, Pareto, Weber (Record no. 7242)
[ view plain ]
| 000 -LEADER | |
|---|---|
| fixed length control field | 00510nam a2200169Ia 4500 |
| 008 - FIXED-LENGTH DATA ELEMENTS--GENERAL INFORMATION | |
| fixed length control field | 230917s9999||||xx |||||||||||||| ||und|| |
| 020 ## - ISBN | |
| Price | RS 2995.00 (set of 2 vol.) |
| 040 ## - CATALOGING SOURCE | |
| -- | 5009162 |
| Original cataloging agency | VIVEKANANDA LIBRARY |
| 041 ## - Language | |
| -- | English |
| 082 ## - DDC NUMBER | |
| Classification number | 301.045 A67M |
| 100 ## - MAIN ENTRY--PERSONAL NAME | |
| Personal name | Aron, Raymond |
| 245 #0 - TITLE STATEMENT | |
| Title | Main currents in sociological thought. 2V-Durkheim, Pareto, Weber |
| 260 ## - PUBLICATION, DISTRIBUTION, ETC. (IMPRINT) | |
| Place of publication, distribution, etc | New Delhi |
| Name of publisher, distributor, etc | Rawat Publications |
| Date of publication, distribution, etc | 2022 |
| 300 ## - PHYSICAL DESCRIPTION | |
| Pages | xxi, 346 p. |
| 500 ## - GENERAL NOTE | |
| General note | 4794 16/12/2022 HBD23/9644 19/01/2023 Main Budget |
| 942 ## - ADDED ENTRY ELEMENTS (KOHA) | |
| Koha item type | Books |
| Withdrawn status | Lost status | Damaged status | Not for loan | Location (home branch) | Sublocation or collection (holding branch) | Date acquired | Koha issues (times borrowed) | Koha full call number | Accession No. | Koha date last seen | Koha item type |
|---|---|---|---|---|---|---|---|---|---|---|---|
| VIVEKANANDA LIBRARY | VIVEKANANDA LIBRARY | 25/02/2023 | 4 | 301.045 A67M | 402527 | 09/10/2025 | Books | ||||
| VIVEKANANDA LIBRARY | VIVEKANANDA LIBRARY | 25/02/2023 | 1 | 301.045 A67M | 402528 | 13/03/2024 | Books |
